LEADER 04088nam 2200613Ia 450 001 9910144666303321 005 20170816131855.0 010 $a0-470-71533-2 010 $a0-470-71502-2 035 $a(CKB)1000000000688034 035 $a(EBL)739067 035 $a(OCoLC)781863569 035 $a(SSID)ssj0000715324 035 $a(PQKBManifestationID)11377562 035 $a(PQKBTitleCode)TC0000715324 035 $a(PQKBWorkID)10703090 035 $a(PQKB)11506258 035 $a(MiAaPQ)EBC739067 035 $a(EXLCZ)991000000000688034 100 $a20730214d1966 uy 0 101 0 $aeng 135 $aur|n|---||||| 181 $ctxt 182 $cc 183 $acr 200 10$aTouch, heat, and pain$b[electronic resource] $e[proceedings] Ciba Foundation Symposium /$fedited by A.V.S. de Reuck and Julie Knight 210 $aLondon $cChurchill Ltd.$d1966 215 $a1 online resource (433 p.) 225 1 $aNovartis Foundation Symposia 300 $aDescription based upon print version of record. 311 $a0-470-71482-4 320 $aIncludes bibliographical references and indexes. 327 $aTOUCH, HEAT AND PAIN; Preface; Contents; Chairman's introduction; Section I. Discrimination of quantitative differences in stimuli in man; Transfer functions of the skin and muscle senses; Discussion; Tissue temperature and thermal pain; Discussion; Measurement of responses to chemically induced pain; Discussion; General discussion of Section I; Linearity of transmission along the perceptual pathway; Section II. Structure of receptor organs; Unit design and array patterns in receptor organs; Discussion; Fine structure of the receptor organs and its probable functional significance; Discussion 327 $aGeneral discussion of Section IIChemical or physical nature of transduction; Induction of receptor properties; Specificity of first-order fibres; Section III. Basic mechanisms: biophysics of supporting tissues and receptors; The relationship of skin displacement to receptor activation; Discussion; Nerve membrane properties and thermal stimulation; Discussion; Input and output ends ofa transducer process; Discussion; Initiation of impulses by mechanorensory nerve terminals; Discussion; General discussion of Section III; Function of lamellar cells of encapsulated organs 327 $aCell membrance junctionsTerminal concentrations of mitochondria; Section IV. Relation of single receptor activity to parameters of stimuli; Cutaneous receptors with a high sensitivity tomechanical displacement; Discussion; Excitation of the dentinal receptor in the tooth of the cat; Discussion; Classes of receptor units predominantly related to thermal stimuli; Discussion; General discussion of Section IV; Central integration over neural space; Sensitivity of temperature detection in man; Existence of sympathetic thermosensitive fibres 327 $aSection V. Relation of activity of populations of receptors to parameters of stimuliThe representation of information about rapid changes in a posulation of receptor units signaning mechanical events; Discussion; The neural transformation of mechanical stimuli delivered to the monkey's hand; Discussion; General discussion of Section V; Factors affecting sensitivity of cutaneous mechanoreceptors; Minimal cortical input; Concluding Discussion; The neurohistology of touch, heat and pain; Pain and pain receptors; Lines for future research; Chairman's closing remarks; Author index; Subject index 410 0$aNovartis Foundation Symposia 606 $aSense organs$vCongresses 606 $aSenses and sensation$vCongresses 608 $aElectronic books. 615 0$aSense organs 615 0$aSenses and sensation 676 $a591.1/8 676 $a591.18 701 $aDe Reuck$b Anthony V. S$0290946 701 $aKnight$b Julie$0512647 712 02$aCiba Foundation. 801 0$bMiAaPQ 801 1$bMiAaPQ 801 2$bMiAaPQ 906 $aBOOK 912 $a9910144666303321 996 $aTouch, heat, and pain$92058841 997 $aUNINA LEADER 04386nam 2200673 450 001 9910811636003321 005 20200520144314.0 010 $a1-118-58708-1 035 $a(CKB)2670000000342298 035 $a(EBL)1166771 035 $a(SSID)ssj0001688411 035 $a(PQKBManifestationID)16531259 035 $a(PQKBTitleCode)TC0001688411 035 $a(PQKBWorkID)15057805 035 $a(PQKB)10395286 035 $a(Au-PeEL)EBL1166771 035 $a(CaPaEBR)ebr11099272 035 $a(OCoLC)841910775 035 $a(CaSebORM)9781118587089 035 $a(MiAaPQ)EBC1166771 035 $a(BIP)043252919 035 $a(EXLCZ)992670000000342298 100 $a20160407h20132013 uy 0 101 0 $aeng 135 $aur|n|---||||| 181 $ctxt 182 $cc 183 $acr 200 00$aInnovation $eessentials from leader to leader 205 $a1st edition 210 1$a[Place of publication not identified] :$c[Jossey-Bass],$d[2013] 210 4$d[2013] 215 $a1 online resource (147 p.) 225 1 $aJ-B Single Issue Leader to Leader 300 $aDescription based upon print version of record. 311 $a1-118-58704-9 327 $aCover; Introduction; Breaking Away: A New Model for Innovation; Re-Imagining Innovation; The Four-Level Innovation Model; Risk and the Four Levels; The Three Ws; From Theory to Practice: The Leadership Imperative; The Time Has Come for Business Model Innovation; Making Business Model Innovation Systematic and Manageable; Responding to Threats; Capitalizing on Opportunities; Focus on Where the World Is Going; Flat, Spiky, and Curved is Now Open; The Changing World of Training and Development; The Open Learning World; Informal Learning; Supporting This Open Learning World; New Learning Vistas 327 $aLeading in the Innovation ZoneCreating an Innovation Zone; Innovation 2.0: Sorting Your Ideas' Ambitions; Taking Ideas from Concept to Reality; Finding Innovation at the Intersection; Finding New Connections; Finding New Combinations at Work; How Diversity Drives Innovation; Standing at the Intersection; Assessing Your Organization's Innovation Capabilities; An Organizational Capabilities Framework; The Capabilities to Address Sustaining or Disruptive Technologies; Creating Capabilities to Cope with Change; A Structural Framework for Managing Different Types of Innovation 327 $aThe Danger of Wishful ThinkingInnovation Means Relying on Everyone's Creativity; Meaning Engages Our Creativity; Depend on Diversity; Involve Everybody Who Cares; Diversity Is the Path to Unity; People Will Always Surprise Us; Rely on Human Goodness; Sowing the Seeds of Innovation; Awareness; Partnering; Possibilities for Turning Necessity into Opportunity; Perspective; Practicing Innovation at All Levels of the Company; Successful Innovation Through Artful Process; Making the Business-Arts Connection; Managing Artfully; Innovation: The New Route to New Wealth; The Innovation Imperative 327 $aYou're Never Too Old to InnovateThree Signs; Creating an Innovation Engine; From Ideas to Action; Hammer Time 330 $aInnovation is necessary for creating a bright, competitive future. In this collection, you'll find important insights on innovation drawn from the pages of the award-winning publication Leader to Leader. Written by some of the country's top thought leaders, including Clayton M. Christensen, Margaret J. Wheatley, and Gary Hamel, this collection makes innovation come alive in new and surprising ways.Focusing on different aspects and approaches of innovation, it delivers practical knowledge and advice that can mean the difference in your innovation efforts. Each article is packed with 410 0$aJ-B Single Issue Leader to Leader 606 $aBusiness enterprises$xTechnological innovations 606 $aCreative ability in business$xManagement 610 $aNursing Services 610 $aProject Management 610 $aMedical 610 $aBusiness & Economics 615 0$aBusiness enterprises$xTechnological innovations. 615 0$aCreative ability in business$xManagement. 676 $a658.4 702 $aHesselbein$b Frances$4oth 801 0$bMiAaPQ 801 1$bMiAaPQ 801 2$bMiAaPQ 906 $aBOOK 912 $a9910811636003321 996 $aInnovation$9433338 997 $aUNINA LEADER 01193nam0 22002891i 450 001 UON00015196 005 20231205101951.273 100 $a20020107d1963 |0itac50 ba 101 $aeng 102 $aUS 105 $a|||| 1|||| 200 1 $aAinu Creed and Cult$fby Neil Gordon Munro$gEd. with pref. and an additional chapter by B. Z. Seligman 210 $aNew York$cColumbia University Press$d1963 215 $aXVIII, 182 p.$d20 cm 316 $aEx inv. R 76388$5IT-UONSI GIAXIV/017 606 $aAntropologia$xGiappone$xAinu$3UONC003568$2FI 620 $aUS$dNew York$3UONL000050 686 $aGIA XIV$cGIAPPONE - ANTROPOLOGIA, ETNOLOGIA, FOLKLORE, SPORT$2A 700 1$aMUNRO$bNeil Gordon$3UONV007089$0640556 702 1$aSELIGMAN$bB. Z.$3UONV007095 712 $aColumbia University Press$3UONV245917$4650 801 $aIT$bSOL$c20250606$gRICA 899 $aSIBA - SISTEMA BIBLIOTECARIO DI ATENEO$2UONSI 912 $aUON00015196 950 $aSIBA - SISTEMA BIBLIOTECARIO DI ATENEO$dSI GIA XIV 017 $eSI YAM1583 5 017 Ex inv. R 76388 996 $aAinu Creed and Cult$91196418 997 $aUNIOR